The Comaprison of Selected Quality Management Systems in European Destinations and ist Possible Application in the Czech Republic

Bibliographic Details
Main Author: Palatková, Monika (Author)
Format: Article
Language:English

MARC

LEADER 00000nab a2200000 a 4500
001 vtls011119071
003 SK-MaSNL
005 20260303132958.0
008 230218|2011 xo |||||||||||||||||eng|
015 |a SNBRB 
035 |a (uuid)585a7402-7026-48d4-afec-853f1d1ddf45 
035 |a (urnnbn)urn:nbn:sk:snk:ar-a08o45 
035 |a urn:nbn:sk:snk-ab9prh 
040 |a SNKBUCL  |b slo  |c SNKBUCL  |e AACR2 
041 0 |a eng 
044 |a xo  |c SK 
100 1 |a Palatková, Monika  |4 aut  |9 1151070 
245 1 4 |a The Comaprison of Selected Quality Management Systems in European Destinations and ist Possible Application in the Czech Republic  |c Monika Palatková 
246 3 |a Komparácia vybraných systémov manažérstva kvality v európskych cieľových krajinách a možnosti ich aplikácie v Českej repbulike 
773 0 |t Ekonomická revue cestovného ruchu  |g Roč. 44, č. 3 (2011), s. 140-155 
958 |a OND 
958 |a EUIPO 
958 |a article13 
999 |c 1954607  |d 1956537